Мелкое производство и социализм

Dettagli Bibliografici
Autore principale: Лушина Н. Л. Нина Львовна
Ente Autore: Академия наук СССР (АН СССР) Институт экономики мировой социалистической системы (ИМЭСС)
Altri autori: Лацис О. Р. (редактор)
Riassunto:Исключено из фонда НТБ ТПУ
Lingua:russo
Pubblicazione: Москва, Наука, 1988
Natura: Libro
KOHA link:https://koha.lib.tpu.ru/cgi-bin/koha/opac-detail.pl?biblionumber=261455

MARC

LEADER 00000nam0a2200000 4500
001 261455
005 20231031221633.0
010 |a 5020107085 
020 |a RU  |b 88-67345 
035 |a (RuTPU)RU\TPU\book\284435 
090 |a 261455 
100 |a 20140523d1988 k y0rusy5003 ca 
101 0 |a rus 
102 |a RU 
105 |a y z 001zy 
200 1 |a Мелкое производство и социализм  |f Н. Л. Лушина  |g Академия наук СССР (АН СССР), Институт экономики мировой социалистической системы (ИМЭСС) ; под ред. О. Р. Лациса 
210 |a Москва  |c Наука  |d 1988 
215 |a 128 с. 
333 |a Исключено из фонда НТБ ТПУ 
700 1 |a Лушина  |b Н. Л.  |g Нина Львовна 
702 1 |a Лацис  |b О. Р.  |4 340 
712 0 2 |a Академия наук СССР (АН СССР)  |b Институт экономики мировой социалистической системы (ИМЭСС)  |c (1960-1990)  |c (москва) 
801 0 |a RU  |b RuMRKP  |c 19950417  |g psbo 
801 1 |a RU  |b 63413507  |c 20140523 
801 2 |a RU  |b 63413507  |c 20220314  |g RCR 
942 |c BK